Exercises in astronomy (Record no. 9243)

MARC details
000 -LEADER
fixed length control field 00632nam a2200181Ia 4500
003 - CONTROL NUMBER IDENTIFIER
control field IN-BaIIA
008 - FIXED-LENGTH DATA ELEMENTS--GENERAL INFORMATION
fixed length control field 211028s9999 xx 000 0 eng d
020 ## - INTERNATIONAL STANDARD BOOK NUMBER
International Standard Book Number 90-277-2423-7
040 ## - CATALOGING SOURCE
Transcribing agency IIA Library
080 ## - UNIVERSAL DECIMAL CLASSIFICATION NUMBER
Universal Decimal Classification number 52
Item number EXE
245 #0 - TITLE STATEMENT
Title Exercises in astronomy
Remainder of title revised and extended edition of "Practical Work In Elementary Astronomy" by M. G. J. Minnaert
Statement of responsibility, etc. edited by J.Kleczek
260 ## - PUBLICATION, DISTRIBUTION, ETC.
Place of publication, distribution, etc. Dordrecht
Name of publisher, distributor, etc. D. Reidel Publishing
Date of publication, distribution, etc. 1987
300 ## - PHYSICAL DESCRIPTION
Extent xxiii, 339p.
650 ## - SUBJECT ADDED ENTRY--TOPICAL TERM
Topical term or geographic name entry element Astronomy
9 (RLIN) 80
650 ## - SUBJECT ADDED ENTRY--TOPICAL TERM
Topical term or geographic name entry element Astronomy and astrophysics thesaurus
700 ## - ADDED ENTRY--PERSONAL NAME
Personal name Kleczek, J., ed.
9 (RLIN) 15528
942 ## - ADDED ENTRY ELEMENTS (KOHA)
Koha item type Books
Holdings
Withdrawn status Lost status Damaged status Not for loan Home library Current library Shelving location Date acquired Cost, normal purchase price Total Checkouts Full call number Barcode Date last seen Date last checked out Cost, replacement price Price effective from Koha item type Purchase Price
        IIA Library-Bangalore IIA Library-Bangalore General Stacks   1050.00 1 52/ EXE 10150 28/10/2024 22/10/2024 1050.00   Books Rs. 1050.00

Powered by Koha